000
nam a22 7a 4500
999
_c
234421
_d
234421
003
Nust
005
20170320162914.0
008
170320b xxu||||| |||| 00| 0 eng d
020
_a
978-81-203-4171-5
040
_c
ASAB
082
_a
612
245
_a
techniques and methods in biology
_c
K.L. Ghatak
300
_a
684 P
942
_2
ddc
_c
BK